Statistics for Who Directed This Masterpiece?

Click here to take the quiz!

General Stats

  • This quiz has been taken 14 times
  • The average score is 30 of 74

Answer Stats

HintAnswer% Correct
Seven SamuraiAkira Kurosawa
100%
PsychoAlfred Hitchcock
100%
GoodfellasMartin Scorsese
100%
Citizen KaneOrson Welles
100%
Pulp FictionQuentin Tarantino
100%
2001: A Space OdysseyStanley Kubrick
100%
The GodfatherFrancis Ford Coppola
92%
FargoJoel Coen
92%
The Good, The Bad and the UglySergio Leone
92%
8 1/2Federico Fellini
85%
JawsSteven Spielberg
85%
Mulholland DriveDavid Lynch
77%
Star WarsGeorge Lucas
77%
Do the Right ThingSpike Lee
77%
Annie HallWoody Allen
77%
Crouching Tiger, Hidden DragonAng Lee
69%
The Seventh SealIngmar Bergman
69%
Blade RunnerRidley Scott
69%
ChinatownRoman Polanski
69%
BrazilTerry Gilliam
69%
UnforgivenClint Eastwood
62%
Aguirre, The Wrath of GodWerner Herzog
62%
City LightsCharlie Chaplin
54%
Fight ClubDavid Fincher
54%
The SearchersJohn Ford
54%
There Will Be BloodPaul Thomas Anderson
54%
The Dark KnightChristopher Nolan
46%
Spirited AwayHayao Miyazaki
46%
Sunset BoulevardBilly Wilder
38%
It's a Wonderful LifeFrank Capra
38%
MetropolisFritz Lang
38%
Paris, TexasWim Wenders
38%
StalkerAndrei Tarkovsky
31%
Sherlock Jr.Buster Keaton
31%
The Third ManCarol Reed
31%
Lawrence of ArabiaDavid Lean
31%
BreathlessJean Luc Goddard
31%
The Treasure of the Sierra MadreJohn Huston
31%
CasablancaMichael Curtiz
31%
One Flew Over The Cuckoo's NestMilos Forman
31%
12 Angry MenSidney Lumet
31%
Bicycle ThievesVittorio De Sica
31%
On the WaterfrontElia Kazan
23%
The Rules of The GameJean Renoir
23%
Battleship PotemkinSergei Eisenstein
23%
Gone with The WindVictor Fleming
23%
Ben-HurWilliam Wyler
23%
Close-UpAbbas Kiarostami
15%
Hiroshima Mon AmourAlain Resnais
15%
The Passion of Joan of ArcCarl Theodor Dreyer
15%
Imitation of LifeDouglas Sirk
15%
Yi YiEdward Yang
15%
High NoonFred Zinnemann
15%
Sunrise: A Song of Two HumansF.W. Murnau
15%
ShaneGeorge Stevens
15%
Rio BravoHoward Hawks
15%
Grave of the FirefliesIsao Takahata
15%
All About EveJoseph L. Mankiewicz
15%
The LeopardLuchino Visconti
15%
NashvilleRobert Altman
15%
A Man EscapedRobert Bresson
15%
Rome Open CityRoberto Rossellini
15%
BadlandsTerrence Malick
15%
Tokyo StoryYasujiro Ozu
15%
Cinema ParadisoGiuseppe Tornatore
8%
The Umbrellas of CherbourgJacques Demi
8%
In the Mood for LoveKar-Wai Wong
8%
ViridianaLuis Bunuel
8%
Peeping TomMichael Powell
8%
L'AvventuraMichelangelo Antonioni
8%
Ali: Fear Eats the SoulRainer Werner Fassbinder
8%
Pather PanchaliSatyait Ray
8%
WALL-EAndrew Santon
0%
To Be or Not to BeErnest Lubitsch
0%

Score Distribution

Percentile by Number Answered

Percent of People with Each Score

Your Score History

You have not taken this quiz